|
|
|
|
| LEADER |
00709nam a2200217 a 4500 |
| 001 |
GR-Patra11265 |
| 003 |
GR-PaULI |
| 008 |
991022s gr 000 b gre d |
| 022 |
|
|
|a 1105-5464
|
| 040 |
|
|
|a GrPaTEI
|b gre
|c GR-PaULI
|
| 245 |
0 |
0 |
|a Computer για όλους
|n Μηνιαίο.
|
| 260 |
|
|
|a Αθήνα :
|b Compupress
|
| 650 |
|
0 |
|a Computers
|
| 650 |
|
4 |
|a Ηλεκτρονικοί υπολογιστές
|
| 710 |
0 |
|
|a Compupress
|
| 907 |
|
|
|a .b25998730
|b 15-04-20
|c 16-09-16
|
| 942 |
|
|
|2 ddc
|c JNL
|s 1
|
| 952 |
|
|
|0 0
|1 0
|4 0
|7 0
|9 324491
|a LISK
|b LISK
|c SER
|d 2021-04-28
|e GrPaTEI
|l 0
|r 2021-04-28 00:00:00
|w 2021-04-28
|y JNL
|
| 970 |
|
|
|c patra11265
|
| 998 |
|
|
|a 24
|b 15-01-16
|c s
|d s
|e -
|f gre
|g gr
|h 0
|
| 999 |
|
|
|c 182262
|d 182262
|